101 câu hỏi đáp về phòng trừ sâu bệnh hại cây ăn trái

Guardado en:
Detalles Bibliográficos
Autor principal: Nguyễn, Danh Vàn
Formato: Libro
Lenguaje:Undetermined
Publicado: Tp. Hồ Chí Minh Trẻ 2004
Materias:
Etiquetas: Agregar Etiqueta
Sin Etiquetas, Sea el primero en etiquetar este registro!
Thư viện lưu trữ: Trung tâm Học liệu Trường Đại học Cần Thơ
LEADER 00567nam a2200193Ia 4500
001 CTU_65090
008 210402s9999 xx 000 0 und d
020 |b 32000 
082 |a 632.9 
082 |b V105 
100 |a Nguyễn, Danh Vàn 
245 0 |a 101 câu hỏi đáp về phòng trừ sâu bệnh hại cây ăn trái 
245 0 |c Nguyễn Danh Vàn 
260 |a Tp. Hồ Chí Minh 
260 |b Trẻ 
260 |c 2004 
650 |a plants, protection of 
904 |i Minh 
980 |a Trung tâm Học liệu Trường Đại học Cần Thơ